|
|
|
|
| LEADER |
00979naa a2200229 i 4500 |
| 001 |
acta76271 |
| 005 |
20221108134832.0 |
| 008 |
220713s2022 hu o 1|| eng d |
| 020 |
|
|
|a 2978-963-306-860-1
|
| 040 |
|
|
|a SZTE Egyetemi Kiadványok Repozitórium
|b hun
|
| 041 |
|
|
|a eng
|
| 100 |
1 |
|
|a Tihanyi Adrienn
|
| 245 |
1 |
0 |
|a Motivations of small-scale producers towards tomato landrace utilization
|h [elektronikus dokumentum] /
|c Tihanyi Adrienn
|
| 260 |
|
|
|a University of Szeged Faculty of Agriculture
|b Hódmezővásárhely
|c 2022
|
| 300 |
|
|
|a 33
|
| 490 |
0 |
|
|a Wellmann International Scientific Conference
|
| 650 |
|
4 |
|a Mezőgazdaság-tudományok
|
| 650 |
|
4 |
|a Mezőgazdaság, erdészet, halászat
|
| 695 |
|
|
|a Paradicsomtermesztés - előadáskivonat
|
| 700 |
0 |
1 |
|a Csambalik László
|e aut
|
| 710 |
|
|
|a Wellmann International Scientific Conference (19.) (2022) (Hódmezővásárhely)
|
| 856 |
4 |
0 |
|u http://acta.bibl.u-szeged.hu/76271/1/wellmann_abstracts_2022_033.pdf
|z Dokumentum-elérés
|